UBT Library

WOMANS GUIDE TO THE LANGUAGE OF SUCCESS (Record no. 33770)

000 -LEADER
fixed length control field 00315nam a22001337a 4500
008 - FIXED-LENGTH DATA ELEMENTS--GENERAL INFORMATION
fixed length control field 171013b xxu||||| |||| 00| 0 eng d
020 ## - INTERNATIONAL STANDARD BOOK NUMBER
International Standard Book Number 9780131572072
041 ## - LANGUAGE CODE
Language code of text/sound track or separate title eng
080 ## - UNIVERSAL DECIMAL CLASSIFICATION NUMBER
Universal Decimal Classification number 316
100 ## - Rafti
Rafti 51
101 ## - Shkurtesa
Shkurtesa SOC
245 ## - TITLE STATEMENT
Title WOMANS GUIDE TO THE LANGUAGE OF SUCCESS
Statement of responsibility, etc MINDEL.P
942 ## - ADDED ENTRY ELEMENTS (KOHA)
Source of classification or shelving scheme
Item type Books
Holdings
Withdrawn status Lost status Source of classification or shelving scheme Damaged status Not for loan Collection code Permanent location Current location Shelving location Date acquired Total Checkouts Full call number Barcode Date last seen Price effective from Koha item type
          Koleksioni i përgjithshem UBT - Lipjan UBT - Lipjan Koleksioni i përgjithshem 10/13/2017   316 MIN 002-2930818 10/13/2017 10/13/2017 Books
UBT Library © 2015-2024. All rights reserved University Education for Business and Technology